[Event "ODJM A 2016"]
[Site "Willingen GER"]
[Date "2016.05.21"]
[Round "9"]
[White "Petersen, Finn Christopher"]
[Black "Garbuz, Vitaliy"]
[Result "1/2-1/2"]
[Termination "normal"]
[Board "31"]
[WhiteElo "1675"]
[BlackElo "1917"]
[PlyCount "126"]
[WhiteFideId "12964840"]
[BlackFideId "12990710"]
[EventCountry "GER"]
[EventRounds "9"]
[EventType "swiss"]
[EventDate "2016.05.14"]

1. e4 e5 2. Nf3 Nc6 3. d4 exd4 4. Nxd4 Nf6 5. Nc3 Bb4 6. Nxc6 bxc6 7. Bd3 d5 8.
exd5 cxd5 9. O-O O-O 10. Bg5 c6 11. Qf3 Bd6 12. h3 Rb8 13. Rab1 h6 14. Bh4 Rb4
15. Bg3 Be6 16. Rfe1 Bxg3 17. Qxg3 Nh5 18. Qf3 Qg5 19. Ne2 Nf4 20. Nxf4 Rxf4
21. Qg3 Qxg3 22. fxg3 Ra4 23. Ra1 Rb8 24. Reb1 Rab4 25. b3 Kf8 26. Kf2 Ke7 27.
Rc1 c5 28. c3 R4b6 29. Be2 Rd6 30. Rd1 Rbd8 31. Rd2 d4 32. Rad1 dxc3 33. Rxd6
Rxd6 34. Rc1 Rd2 35. Rxc3 Kd6 36. Rd3+ Rxd3 37. Bxd3 c4 38. bxc4 Kc5 39. Ke3
Bxc4 40. a3 Bd5 41. Bf1 Bc6 42. Kd2 Bb5 43. Bxb5 Kxb5 44. Kc3 f5 45. Kb3 g5 46.
a4+ Kc5 47. Kc3 a5 48. h4 gxh4 49. gxh4 f4 50. h5 Kd5 51. Kd3 Ke5 52. Kc4 Ke4
53. Kb5 Ke3 54. Kxa5 Kf2 55. Kb4 Kxg2 56. a5 f3 57. a6 f2 58. a7 f1=Q 59. a8=Q+
Qf3 60. Qxf3+ Kxf3 61. Kc3 Kg4 62. Kd3 Kxh5 63. Ke3 Kg4 1/2-1/2

[Event "ODJM A 2016"]
[Site "Willingen GER"]
[Date "2016.05.21"]
[Round "9"]
[White "Reucker, Friedrich"]
[Black "Acikel, Mert"]
[Result "1-0"]
[Termination "normal"]
[Board "32"]
[WhiteElo "1776"]
[BlackElo "1883"]
[PlyCount "83"]
[WhiteFideId "12993670"]
[BlackFideId "12956465"]
[EventCountry "GER"]
[EventRounds "9"]
[EventType "swiss"]
[EventDate "2016.05.14"]

1. d4 d5 2. c4 e6 3. Nf3 Nf6 4. g3 Be7 5. Bg2 c6 6. O-O O-O 7. b3 Nbd7 8. Bb2
b6 9. Nbd2 Ba6 10. Qc2 c5 11. e3 Rc8 12. Rfd1 cxd4 13. exd4 Qc7 14. Rac1 dxc4
15. bxc4 b5 16. c5 Nd5 17. Qb3 Qc6 18. Nf1 Bb7 19. Ne3 a6 20. a3 Nxe3 21. fxe3
Qd5 22. Qd3 Qh5 23. Ne1 Bxg2 24. Nxg2 Rfd8 25. Nf4 Qg4 26. Qe2 Qxe2 27. Nxe2 e5
28. Bc3 exd4 29. exd4 Bg5 30. Nf4 Bxf4 31. gxf4 Nb8 32. Re1 Nc6 33. Rcd1 Rd5
34. Kf2 Rcd8 35. Kf3 Kf8 36. Ke3 Rh5 37. f5 Rh3+ 38. Kd2 Nxd4 39. Bb4 Rxh2+ 40.
Kc1 Nc6 41. Rxd8+ Nxd8 42. c6+ 1-0

[Event "ODJM A 2016"]
[Site "Willingen GER"]
[Date "2016.05.21"]
[Round "9"]
[White "Hofmann, Marko"]
[Black "Grunert, Friedrich"]
[Result "1-0"]
[Termination "normal"]
[Board "33"]
[WhiteElo "1812"]
[BlackElo "1694"]
[PlyCount "49"]
[WhiteFideId "12935875"]
[BlackFideId "12995592"]
[EventCountry "GER"]
[EventRounds "9"]
[EventType "swiss"]
[EventDate "2016.05.14"]

1. d4 Nf6 2. Nc3 d5 3. e4 dxe4 4. f3 exf3 5. Nxf3 Bg4 6. h3 Bxf3 7. Qxf3 c6 8.
Be3 e6 9. Bd3 Be7 10. O-O-O O-O 11. g4 Nd5 12. h4 Nxc3 13. bxc3 Qd5 14. Qh3
Qxa2 15. g5 Nd7 16. h5 Nb6 17. Bxh7+ Kxh7 18. g6+ Kg8 19. h6 fxg6 20. hxg7 Kf7
21. Rdf1+ Ke8 22. Rxf8+ Bxf8 23. gxf8=Q+ Kd7 24. Qf7+ Kd8 25. Qh8# 1-0

[Event "ODJM A 2016"]
[Site "Willingen GER"]
[Date "2016.05.21"]
[Round "9"]
[White "Marx, Inga"]
[Black "Wolff, Marie Antoinette"]
[Result "1/2-1/2"]
[Termination "normal"]
[Board "34"]
[WhiteElo "1759"]
[BlackElo "1786"]
[PlyCount "111"]
[WhiteFideId "4654749"]
[BlackFideId "12908258"]
[EventCountry "GER"]
[EventRounds "9"]
[EventType "swiss"]
[EventDate "2016.05.14"]

1. e4 c5 2. Nf3 Nc6 3. d4 cxd4 4. Nxd4 d6 5. Be2 Nf6 6. Nc3 g6 7. Be3 Bg7 8.
O-O O-O 9. Qd2 Nxd4 10. Bxd4 Bd7 11. e5 dxe5 12. Bxe5 Bf5 13. Rfd1 Qb6 14. Na4
Qc6 15. Nc3 Ne4 16. Nxe4 Bxe5 17. Nc3 Rac8 18. Nd5 Qd6 19. c3 Rfd8 20. Qh6 Bg7
21. Qe3 Kf8 22. Qxa7 Qe6 23. Bf3 Be4 24. Bxe4 Qxe4 25. Nb6 Rxd1+ 26. Rxd1 Qe2
27. Qa4 Re8 28. Nd7+ Kg8 29. Nb6 Rf8 30. Qb3 e5 31. g3 e4 32. Nd5 Bh6 33. c4
Bg5 34. Ne3 h5 35. Qc2 Qf3 36. Re1 h4 37. Nd5 hxg3 38. hxg3 Re8 39. Qe2 Qf5 40.
b4 Bh6 41. Qg4 Qxg4 42. Nf6+ Kg7 43. Nxg4 Bd2 44. Re2 Bxb4 45. Rb2 Bc3 46. Rxb7
Rc8 47. Ne3 Bd2 48. a4 Bxe3 49. fxe3 Rxc4 50. a5 Rc3 51. Kf2 Rc2+ 52. Kf1 Ra2
53. Ra7 Ra3 54. Ke2 Ra2+ 55. Kf1 Ra3 56. Kf2 1/2-1/2

[Event "ODJM A 2016"]
[Site "Willingen GER"]
[Date "2016.05.21"]
[Round "9"]
[White "Lehmann, Tim"]
[Black "Knudsen, Simon"]
[Result "1/2-1/2"]
[Termination "normal"]
[Board "35"]
[WhiteElo "1613"]
[BlackElo "1907"]
[PlyCount "41"]
[WhiteFideId "12979171"]
[BlackFideId "12985546"]
[EventCountry "GER"]
[EventRounds "9"]
[EventType "swiss"]
[EventDate "2016.05.14"]

1. Nf3 Nf6 2. g3 g6 3. Bg2 Bg7 4. O-O O-O 5. d3 d6 6. e4 Nc6 7. c3 e5 8. Re1 d5
9. Qe2 h6 10. h3 Kh7 11. Kh2 Be6 12. Nbd2 dxe4 13. dxe4 Qe7 14. Nf1 Rad8 15. b3
a6 16. Bb2 Qc5 17. Rad1 a5 18. N3d2 Rfe8 19. Ne3 Nh5 20. Rg1 b5 21. Qxb5
1/2-1/2

[Event "ODJM A 2016"]
[Site "Willingen GER"]
[Date "2016.05.21"]
[Round "9"]
[White "Elier, Ali"]
[Black "Hinrichs, Niklas"]
[Result "0-1"]
[Termination "normal"]
[Board "36"]
[WhiteElo "1778"]
[BlackElo "1894"]
[PlyCount "54"]
[WhiteFideId "16217543"]
[BlackFideId "12942499"]
[EventCountry "GER"]
[EventRounds "9"]
[EventType "swiss"]
[EventDate "2016.05.14"]

1. e4 c5 2. d4 cxd4 3. c3 Nf6 4. e5 Nd5 5. Nf3 Nc6 6. Bc4 Nb6 7. Bb3 d6 8. exd6
Qxd6 9. Na3 g6 10. Nb5 Qb8 11. O-O Bg7 12. Nbxd4 O-O 13. Nxc6 bxc6 14. Re1 Qc7
15. Qe2 e6 16. Be3 Nd5 17. Bc5 Rd8 18. Rad1 Bb7 19. g3 Qa5 20. Bd4 Nf6 21. Bxf6
Bxf6 22. Bxe6 Qc7 23. Bb3 c5 24. Ne5 Rxd1 25. Bxd1 Re8 26. f4 Bxe5 27. Qd2 Rd8
0-1

[Event "ODJM A 2016"]
[Site "Willingen GER"]
[Date "2016.05.21"]
[Round "9"]
[White "Kagan, Dennis"]
[Black "Gorainow, Nikita"]
[Result "1-0"]
[Termination "normal"]
[Board "37"]
[WhiteElo "1974"]
[BlackElo "1779"]
[PlyCount "37"]
[WhiteFideId "12983578"]
[BlackFideId "12970093"]
[EventCountry "GER"]
[EventRounds "9"]
[EventType "swiss"]
[EventDate "2016.05.14"]

1. Nf3 e6 2. c4 f5 3. g3 Nf6 4. Bg2 d5 5. O-O Bd6 6. Nc3 O-O 7. d3 dxc4 8. dxc4
Qe7 9. e4 Nc6 10. exf5 exf5 11. Re1 Qf7 12. Ng5 Qg6 13. Nd5 Bd7 14. c5 Bxc5 15.
Nxf6+ gxf6 16. Qxd7 Bb4 17. Bd5+ Kh8 18. Nf7+ Rxf7 19. Bxf7 1-0

[Event "ODJM A 2016"]
[Site "Willingen GER"]
[Date "2016.05.21"]
[Round "9"]
[White "Nguyen, Ha Thanh"]
[Black "Wieber, Dominik"]
[Result "1/2-1/2"]
[Termination "normal"]
[Board "38"]
[WhiteElo "1704"]
[BlackElo "1855"]
[PlyCount "48"]
[WhiteFideId "12942154"]
[BlackFideId "24699012"]
[EventCountry "GER"]
[EventRounds "9"]
[EventType "swiss"]
[EventDate "2016.05.14"]

1. e4 e5 2. Nf3 Nc6 3. Bc4 Bc5 4. c3 d6 5. O-O Nf6 6. d3 Be6 7. Bb3 h6 8. Nbd2
O-O 9. h3 Bb6 10. Re1 Re8 11. Nf1 d5 12. exd5 Bxd5 13. N3h2 Bxb3 14. axb3 Qd7
15. Qf3 Rad8 16. Bxh6 Qxd3 17. Bg5 Qxf3 18. Nxf3 Rd6 19. b4 Nd5 20. N3d2 f6 21.
Bh4 Nf4 22. Ne4 Rde6 23. Rad1 Kf7 24. Rd2 R6e7 1/2-1/2

[Event "ODJM A 2016"]
[Site "Willingen GER"]
[Date "2016.05.21"]
[Round "9"]
[White "Bethke, Robert"]
[Black "Adelmeyer, Matti"]
[Result "1-0"]
[Termination "normal"]
[Board "39"]
[WhiteElo "1713"]
[BlackElo "1677"]
[PlyCount "71"]
[WhiteFideId "12959251"]
[BlackFideId "12962520"]
[EventCountry "GER"]
[EventRounds "9"]
[EventType "swiss"]
[EventDate "2016.05.14"]

1. c4 e5 2. Nc3 Nc6 3. Nf3 Nf6 4. g3 g6 5. Bg2 Bg7 6. O-O O-O 7. d3 d6 8. Rb1
a5 9. a3 h6 10. b4 axb4 11. axb4 Be6 12. b5 Ne7 13. Bb2 Qd7 14. Re1 Bh3 15. Bh1
Ng4 16. Qd2 Kh7 17. Ne4 Nf6 18. Nxf6+ Bxf6 19. Qc3 Bh8 20. Qb3 f5 21. Ra1 Rab8
22. Nd2 f4 23. Bg2 Bxg2 24. Kxg2 fxg3 25. hxg3 Qf5 26. Nf3 g5 27. Rf1 Ng6 28.
Qd1 Nf4+ 29. gxf4 Qg4+ 30. Kh1 Rxf4 31. Nh2 Qh3 32. f3 Rbf8 33. Rg1 Rh4 34. Rg2
Rff4 35. Qg1 Rh5 36. Rg4 1-0

[Event "ODJM A 2016"]
[Site "Willingen GER"]
[Date "2016.05.21"]
[Round "9"]
[White "Buller, Ian Joshua"]
[Black "Kappelmann, Florian"]
[Result "1/2-1/2"]
[Termination "normal"]
[Board "41"]
[WhiteElo "1424"]
[BlackElo "1643"]
[PlyCount "111"]
[WhiteFideId "12990655"]
[BlackFideId "12973165"]
[EventCountry "GER"]
[EventRounds "9"]
[EventType "swiss"]
[EventDate "2016.05.14"]

1. e4 c6 2. d4 d5 3. Nc3 dxe4 4. Nxe4 Bf5 5. Ng3 Bg6 6. Bc4 Nf6 7. N1e2 Nd5 8.
O-O e6 9. Re1 Bd6 10. Bxd5 cxd5 11. Nf4 Nc6 12. c3 Ne7 13. Qg4 O-O 14. Nfh5
Bxh5 15. Nxh5 Ng6 16. Bf4 Bxf4 17. Nxf4 Qh4 18. Qxh4 Nxh4 19. Nd3 Nf5 20. Ne5
Nd6 21. f3 Rac8 22. Kf2 Nc4 23. Nxc4 Rxc4 24. Kg3 b5 25. a3 a5 26. Re3 Rfc8 27.
Rc1 Rxd4 28. cxd4 Rxc1 29. Rb3 Rc4 30. Rxb5 Kf8 31. Rxa5 Rxd4 32. Ra8+ Ke7 33.
a4 Rb4 34. a5 Rxb2 35. a6 Ra2 36. a7 Kf6 37. Kf4 e5+ 38. Ke3 Ra3+ 39. Kd2 d4
40. h3 g6 41. Kc2 Kf5 42. g3 d3+ 43. Kd2 g5 44. Ke3 h5 45. g4+ hxg4 46. hxg4+
Kf6 47. Kd2 Kg7 48. Re8 Rxa7 49. Rxe5 f6 50. Rd5 Ra3 51. Rxd3 Rxd3+ 52. Kxd3
Kf7 53. Kd4 Ke7 54. Ke4 Ke6 55. f4 gxf4 56. Kxf4 1/2-1/2

[Event "ODJM A 2016"]
[Site "Willingen GER"]
[Date "2016.05.21"]
[Round "9"]
[White "Bangert, Benjamin"]
[Black "Fromm, Johannes"]
[Result "0-1"]
[Termination "normal"]
[Board "42"]
[WhiteElo "1776"]
[BlackElo "1467"]
[PlyCount "76"]
[WhiteFideId "24692654"]
[BlackFideId "12993204"]
[EventCountry "GER"]
[EventRounds "9"]
[EventType "swiss"]
[EventDate "2016.05.14"]

1. c4 Nf6 2. Nf3 d5 3. d4 c6 4. Nc3 e6 5. Bg5 Be7 6. e3 O-O 7. Rc1 Nbd7 8. c5
h6 9. Bh4 Re8 10. Bd3 e5 11. Be2 e4 12. Nd2 Nf8 13. O-O N6h7 14. Bg3 Ne6 15. f3
f5 16. fxe4 fxe4 17. Bh5 Rf8 18. Ne2 Bg5 19. Qb3 Nf6 20. Bg6 Ng4 21. Rxf8+ Nxf8
22. Bf4 Nxg6 23. Nxe4 Bxf4 24. exf4 Qe7 25. N2g3 Nxf4 26. h3 Ne2+ 27. Nxe2 Qxe4
28. hxg4 Qxe2 29. Rf1 Qxg4 30. Qe3 Qe6 31. Qf4 Bd7 32. Qc7 Re8 33. Qxb7 Qe3+
34. Kh1 Re4 35. Qb8+ Kh7 36. Qd8 Qe2 37. Rf8 Qe1+ 38. Kh2 Rh4+ 0-1

[Event "ODJM A 2016"]
[Site "Willingen GER"]
[Date "2016.05.21"]
[Round "9"]
[White "Aengenheister, Dennis"]
[Black "Wagner, Swenja"]
[Result "1-0"]
[Termination "normal"]
[Board "43"]
[WhiteElo "1749"]
[BlackElo "1673"]
[PlyCount "103"]
[WhiteFideId "16225490"]
[BlackFideId "12900494"]
[EventCountry "GER"]
[EventRounds "9"]
[EventType "swiss"]
[EventDate "2016.05.14"]

1. f4 Nf6 2. Nf3 d6 3. g3 g6 4. Bg2 Bg7 5. d3 c5 6. e4 Nc6 7. O-O Qc7 8. Nbd2
b5 9. a4 b4 10. Nc4 O-O 11. Rb1 e6 12. e5 dxe5 13. Nfxe5 Bb7 14. b3 Nxe5 15.
Nxe5 Bxg2 16. Kxg2 Nd5 17. Qe1 Qb7 18. Kg1 a5 19. Bb2 Rad8 20. Qf2 Qc7 21. Qe2
Qb6 22. Rf2 Ne7 23. Re1 Nf5 24. g4 Nd4 25. Qf1 Bxe5 26. fxe5 c4 27. Bxd4 Rxd4
28. h3 cxb3 29. cxb3 Qa7 30. Re3 Rc8 31. Ref3 Rd7 32. Kh2 Rc3 33. Rf6 Rcxd3 34.
Rxe6 Rd2 35. Ref6 Rxf2+ 36. Rxf2 Re7 37. Re2 Qc7 38. Qf4 Re6 39. g5 Qc3 40. Re3
Qd2+ 41. Kg3 Rc6 42. Rf3 Qe1+ 43. Rf2 Qc3+ 44. Rf3 Qe1+ 45. Kg4 Qg1+ 46. Kh4
Qe1+ 47. Rf2 f5 48. gxf6 Kf7 49. Qd4 Re6 50. Qd7+ Kf8 51. Qg7+ Ke8 52. f7+ 1-0

[Event "ODJM A 2016"]
[Site "Willingen GER"]
[Date "2016.05.21"]
[Round "9"]
[White "Cejda, Moritz"]
[Black "Krauße, Sandro"]
[Result "1/2-1/2"]
[Termination "normal"]
[Board "44"]
[WhiteElo "1655"]
[BlackElo "1734"]
[PlyCount "41"]
[WhiteFideId "12925152"]
[BlackFideId "12953733"]
[EventCountry "GER"]
[EventRounds "9"]
[EventType "swiss"]
[EventDate "2016.05.14"]

1. e4 e6 2. d4 d5 3. exd5 exd5 4. Bd3 Bd6 5. Ne2 Ne7 6. O-O O-O 7. c3 Bf5 8.
Qc2 Bxd3 9. Qxd3 Nd7 10. Be3 c6 11. Nd2 Ng6 12. Nf3 Qc7 13. h3 Rae8 14. Rae1
Nf6 15. Qc2 a5 16. b3 Ne4 17. Ng5 Nxg5 18. Bxg5 Nf4 19. Nxf4 Bxf4 20. Bxf4 Qxf4
21. Rxe8 1/2-1/2

[Event "ODJM A 2016"]
[Site "Willingen GER"]
[Date "2016.05.21"]
[Round "9"]
[White "Brunner, Tobias"]
[Black "Pahl, Theis"]
[Result "0-1"]
[Termination "normal"]
[Board "45"]
[WhiteElo "1762"]
[BlackElo "1583"]
[PlyCount "76"]
[WhiteFideId "12949833"]
[BlackFideId "16201264"]
[EventCountry "GER"]
[EventRounds "9"]
[EventType "swiss"]
[EventDate "2016.05.14"]

1. e4 c5 2. Bc4 Nc6 3. Nc3 e6 4. d3 Nge7 5. f4 d5 6. exd5 exd5 7. Bb3 g6 8. Nf3
Bg7 9. O-O O-O 10. Bd2 h6 11. a4 Be6 12. Ba2 Qb6 13. Kh1 Rfd8 14. Qc1 Rac8 15.
Nh4 Nd4 16. a5 Qc6 17. Nf3 Nef5 18. Ne5 Qd6 19. Re1 b6 20. Nd1 Rb8 21. c3 Nc6
22. Nxc6 Qxc6 23. axb6 axb6 24. Nf2 Nh4 25. Rg1 Bf5 26. Be3 Re8 27. Bb3 Re7 28.
Bc2 Rbe8 29. Nd1 Bg4 30. Nf2 Be2 31. Bd2 d4 32. cxd4 Bxd4 33. Ne4 Bxg1 34. Qxg1
f5 35. Bb3+ Kh7 36. Qf2 Bxd3 37. Nxc5 Nxg2 38. Nxd3 Nxf4+ 0-1

[Event "ODJM A 2016"]
[Site "Willingen GER"]
[Date "2016.05.21"]
[Round "9"]
[White "Gallasch, Robin"]
[Black "Weinkauf, Viktor"]
[Result "1/2-1/2"]
[Termination "normal"]
[Board "46"]
[WhiteElo "1604"]
[BlackElo "1847"]
[PlyCount "69"]
[WhiteFideId "16222423"]
[BlackFideId "1272036"]
[EventCountry "GER"]
[EventRounds "9"]
[EventType "swiss"]
[EventDate "2016.05.14"]

1. d4 Nf6 2. c4 e6 3. Nf3 b6 4. g3 Bb7 5. Bg2 Bb4+ 6. Bd2 Be7 7. O-O O-O 8. Nc3
c5 9. dxc5 Bxc5 10. Qc2 Nc6 11. Bg5 h6 12. Bxf6 Qxf6 13. e3 Na5 14. Nd2 Bxg2
15. Kxg2 Bb4 16. Rac1 Rfc8 17. Qd3 Rc6 18. a3 Bxc3 19. Rxc3 Rac8 20. b4 Nb7 21.
Rfc1 d5 22. Nb3 Nd6 23. c5 Ne4 24. R3c2 Qe7 25. cxb6 Rxc2 26. Rxc2 Rxc2 27.
Qxc2 axb6 28. f3 Nd6 29. Nd2 Qa7 30. Qc6 Nf5 31. Qc3 b5 32. Kf2 d4 33. exd4
Qxd4+ 34. Qxd4 Nxd4 35. Nb1 1/2-1/2

[Event "ODJM A 2016"]
[Site "Willingen GER"]
[Date "2016.05.21"]
[Round "9"]
[White "Frohnhäuser, Simon"]
[Black "Rupp, Andreas"]
[Result "1-0"]
[Termination "normal"]
[Board "48"]
[WhiteElo "1559"]
[BlackElo "1562"]
[PlyCount "51"]
[WhiteFideId "16208528"]
[BlackFideId "16225503"]
[EventCountry "GER"]
[EventRounds "9"]
[EventType "swiss"]
[EventDate "2016.05.14"]

1. e4 e5 2. Nf3 Nc6 3. Bc4 Nf6 4. d3 Be7 5. O-O d6 6. Re1 O-O 7. a4 Kh8 8. a5
a6 9. Nbd2 Ng8 10. Qe2 f5 11. exf5 Bxf5 12. h3 Qd7 13. Bd5 Nf6 14. Bxc6 Qxc6
15. Ne4 Nxe4 16. dxe4 Be6 17. Bg5 Bxg5 18. Nxg5 Rf6 19. Ra3 Qd7 20. Nxe6 Rxe6
21. Rb3 c6 22. Qg4 Qe7 23. Ree3 Rg6 24. Qf5 Rf8 25. Rxb7 Qe8 26. Qd7 1-0

[Event "ODJM A 2016"]
[Site "Willingen GER"]
[Date "2016.05.21"]
[Round "9"]
[White "Wensing, Maximilian"]
[Black "Usczeck, Alina"]
[Result "1/2-1/2"]
[Termination "normal"]
[Board "49"]
[WhiteElo "1814"]
[BlackElo "1655"]
[PlyCount "51"]
[WhiteFideId "16222415"]
[BlackFideId "12938114"]
[EventCountry "GER"]
[EventRounds "9"]
[EventType "swiss"]
[EventDate "2016.05.14"]

1. e4 c6 2. d4 d5 3. e5 c5 4. dxc5 Nc6 5. Nf3 Bg4 6. c3 e6 7. Be3 Bxf3 8. Qxf3
Nxe5 9. Qf4 Nc6 10. Bb5 Nf6 11. O-O Be7 12. Qg3 Rg8 13. f4 Qc7 14. b4 Ne4 15.
Qf3 O-O-O 16. f5 Bf6 17. Bf4 Qd7 18. a4 a6 19. Be2 Ne7 20. fxe6 fxe6 21. b5 a5
22. Rc1 Nxc5 23. Nd2 Ng6 24. Be3 Qc7 25. Qf2 b6 26. Ra2 1/2-1/2

[Event "ODJM A 2016"]
[Site "Willingen GER"]
[Date "2016.05.21"]
[Round "9"]
[White "Isler, Benjamin"]
[Black "Kublanov, Carolin"]
[Result "0-1"]
[Termination "normal"]
[Board "50"]
[WhiteElo "1700"]
[BlackElo "1541"]
[PlyCount "34"]
[WhiteFideId "12975478"]
[BlackFideId "12944548"]
[EventCountry "GER"]
[EventRounds "9"]
[EventType "swiss"]
[EventDate "2016.05.14"]

1. e4 e5 2. Nf3 Nc6 3. Bc4 Nf6 4. d4 exd4 5. O-O Be7 6. e5 Ng4 7. Re1 d6 8. e6
fxe6 9. Bxe6 Bxe6 10. Rxe6 O-O 11. h3 Nge5 12. Nxe5 dxe5 13. Qg4 Qe8 14. f4 Qf7
15. Na3 Bf6 16. fxe5 Bxe5 17. Bg5 Qf2+ 0-1

[Event "ODJM A 2016"]
[Site "Willingen GER"]
[Date "2016.05.21"]
[Round "9"]
[White "Leser, Stefan"]
[Black "Hoppe, Nico"]
[Result "1-0"]
[Termination "normal"]
[Board "51"]
[WhiteElo "1708"]
[BlackElo "1459"]
[PlyCount "97"]
[WhiteFideId "12997706"]
[BlackFideId "16225520"]
[EventCountry "GER"]
[EventRounds "9"]
[EventType "swiss"]
[EventDate "2016.05.14"]

1. e4 e5 2. Nf3 Nc6 3. d4 exd4 4. Nxd4 Qh4 5. Be2 Qxe4 6. Nb5 Bb4+ 7. Bd2 Bxd2+
8. Nxd2 Qxg2 9. Bf3 Qg5 10. Nxc7+ Kd8 11. Nxa8 Nf6 12. Nc4 Ne5 13. Nxe5 Qxe5+
14. Qe2 Qxb2 15. O-O Re8 16. Qc4 Qe5 17. Rfe1 Qg5+ 18. Bg2 Rxe1+ 19. Rxe1 Qa5
20. Rb1 Qe5 21. Qxf7 Ne8 22. Rd1 Qe2 23. Bf3 Qxc2 24. Re1 Qg6+ 25. Qxg6 hxg6
26. Be4 g5 27. Kg2 Nf6 28. f3 d5 29. Bg6 Bd7 30. Rc1 Bc6 31. Bf5 Nd7 32. Kf2
Ne5 33. Rg1 d4 34. Be4 Bxe4 35. fxe4 g4 36. Rd1 d3 37. Kg3 g5 38. h4 gxh4+ 39.
Kxh4 Kc8 40. Kg3 b6 41. Kf4 Nc4 42. Rxd3 Kb7 43. e5 Nxe5 44. Kxe5 Kxa8 45. Rg3
Kb7 46. Kd6 a5 47. Rxg4 Ka6 48. Kc6 b5 49. Rg8 1-0

[Event "ODJM A 2016"]
[Site "Willingen GER"]
[Date "2016.05.21"]
[Round "9"]
[White "Huber, Marinus"]
[Black "Bilau, Max"]
[Result "0-1"]
[Termination "normal"]
[Board "53"]
[WhiteElo "1639"]
[BlackElo "1645"]
[PlyCount "62"]
[WhiteFideId "12979856"]
[BlackFideId "12974838"]
[EventCountry "GER"]
[EventRounds "9"]
[EventType "swiss"]
[EventDate "2016.05.14"]

1. e4 c5 2. Nf3 Nc6 3. d4 cxd4 4. Nxd4 g6 5. Be3 Bg7 6. Nc3 Qa5 7. Qd2 Nf6 8.
f3 a6 9. Be2 d6 10. O-O O-O 11. Nxc6 bxc6 12. Nd5 Qxd2 13. Nxe7+ Kh8 14. Bxd2
Bb7 15. Bb4 c5 16. e5 cxb4 17. exd6 Rad8 18. Rad1 Ne8 19. d7 Nf6 20. Nc8 Bxc8
21. dxc8=Q Rxc8 22. Rc1 a5 23. c3 bxc3 24. bxc3 Bh6 25. Rc2 Nd5 26. c4 Ne3 27.
Rfc1 Nxc2 28. Rxc2 Rfe8 29. Bf1 Be3+ 30. Kh1 Bc5 31. Rc1 Re3 0-1

[Event "ODJM A 2016"]
[Site "Willingen GER"]
[Date "2016.05.21"]
[Round "9"]
[White "Rose, Luis Stratos"]
[Black "Fischer, Maxi"]
[Result "1-0"]
[Termination "normal"]
[Board "54"]
[WhiteElo "1385"]
[BlackElo "1640"]
[PlyCount "85"]
[WhiteFideId "12976008"]
[BlackFideId "24692395"]
[EventCountry "GER"]
[EventRounds "9"]
[EventType "swiss"]
[EventDate "2016.05.14"]

1. d4 f5 2. e4 fxe4 3. Nc3 Nf6 4. Bg5 Nc6 5. d5 Ne5 6. Qd4 Nf7 7. Bf4 g6 8.
Nxe4 Bg7 9. O-O-O O-O 10. Qe3 d6 11. Be2 Qe8 12. a3 Nxe4 13. Qxe4 Bf5 14. Qb4
c5 15. Qb5 Bd7 16. Qd3 b5 17. h4 c4 18. Qg3 Qc8 19. Bd2 a5 20. h5 Bf5 21. hxg6
Bxg6 22. Bh5 Ne5 23. Bxg6 Nxg6 24. Nh3 b4 25. axb4 axb4 26. Bxb4 Bh6+ 27. Ng5
Rxf2 28. Qxf2 Bxg5+ 29. Kb1 Qa6 30. Ba3 c3 31. Rd3 cxb2 32. Kxb2 Bf6+ 33. Kc1
Qb5 34. Kd2 Rxa3 35. Rxa3 Qb4+ 36. Ke2 Qxa3 37. Qf5 Qa6+ 38. Kd2 Qa5+ 39. Ke2
Qb5+ 40. Kd2 Qa5+ 41. Ke2 Qxd5 42. Qxd5+ Kg7 43. Kd2 1-0

[Event "ODJM A 2016"]
[Site "Willingen GER"]
[Date "2016.05.21"]
[Round "9"]
[White "Paskalev, Vasil"]
[Black "Hauk, Viktoria"]
[Result "1-0"]
[Termination "normal"]
[Board "55"]
[WhiteElo "1591"]
[BlackElo "1489"]
[PlyCount "35"]
[WhiteFideId "16212355"]
[BlackFideId "12929093"]
[EventCountry "GER"]
[EventRounds "9"]
[EventType "swiss"]
[EventDate "2016.05.14"]

1. e4 e5 2. Nf3 Nc6 3. Bc4 h6 4. O-O d6 5. d4 exd4 6. Nxd4 Ne5 7. Bb3 Be7 8. f4
Ng6 9. Nf5 Nf6 10. Nxg7+ Kf8 11. Nf5 Nxe4 12. Qd5 Be6 13. Qxe4 d5 14. Qd3 c5
15. Nxe7 Nxe7 16. c3 c4 17. Qd4 cxb3 18. Qxh8+ 1-0

[Event "ODJM A 2016"]
[Site "Willingen GER"]
[Date "2016.05.21"]
[Round "9"]
[White "Richter, Robert"]
[Black "Roos, Elias"]
[Result "1/2-1/2"]
[Termination "normal"]
[Board "56"]
[WhiteElo "1550"]
[BlackElo "1722"]
[PlyCount "47"]
[WhiteFideId "12978744"]
[BlackFideId "12953415"]
[EventCountry "GER"]
[EventRounds "9"]
[EventType "swiss"]
[EventDate "2016.05.14"]

1. e4 c5 2. Nf3 d6 3. d4 cxd4 4. Nxd4 Nf6 5. Nc3 a6 6. Be2 e5 7. Nb3 Be7 8. g4
Be6 9. g5 Nfd7 10. h4 Nc6 11. f4 exf4 12. Bxf4 Nde5 13. Qd2 b5 14. Nd5 Nc4 15.
Qc3 N6e5 16. Bxe5 Nxe5 17. Nc7+ Kf8 18. Nxa8 Qxa8 19. Bf3 h6 20. gxh6 Rxh6 21.
O-O-O Bxb3 22. Qxb3 Rxh4 23. Rdf1 Qe8 24. Qc3 1/2-1/2

[Event "ODJM A 2016"]
[Site "Willingen GER"]
[Date "2016.05.21"]
[Round "9"]
[White "Kast, Larissa"]
[Black "Askri, Samir"]
[Result "1/2-1/2"]
[Termination "normal"]
[Board "57"]
[WhiteElo "1567"]
[BlackElo "1867"]
[PlyCount "40"]
[WhiteFideId "24699055"]
[BlackFideId "12924938"]
[EventCountry "GER"]
[EventRounds "9"]
[EventType "swiss"]
[EventDate "2016.05.14"]

1. e4 a5 2. d4 d6 3. Nf3 Bg4 4. h3 Bh5 5. Nc3 Nd7 6. Be2 Bxf3 7. Bxf3 e5 8.
dxe5 Nxe5 9. Bf4 Nf6 10. O-O Be7 11. Bxe5 dxe5 12. Qxd8+ Rxd8 13. Rad1 O-O 14.
Rxd8 Rxd8 15. Rd1 Rxd1+ 16. Nxd1 Kf8 17. Kf1 Nd7 18. Ne3 c6 19. Be2 Nc5 20. f3
Na4 1/2-1/2

[Event "ODJM A 2016"]
[Site "Willingen GER"]
[Date "2016.05.21"]
[Round "9"]
[White "Reck, Jessica"]
[Black "Troyke, Jannis"]
[Result "0-1"]
[Termination "normal"]
[Board "58"]
[WhiteElo "1692"]
[BlackElo "1760"]
[PlyCount "72"]
[WhiteFideId "12917931"]
[BlackFideId "12993115"]
[EventCountry "GER"]
[EventRounds "9"]
[EventType "swiss"]
[EventDate "2016.05.14"]

1. e4 c5 2. Nf3 d6 3. d4 cxd4 4. Nxd4 Nf6 5. Nc3 g6 6. Be2 Bg7 7. Nb3 O-O 8.
O-O Nc6 9. Re1 Bd7 10. Bf1 Rc8 11. Nd5 Ne8 12. c3 Nc7 13. h3 Nxd5 14. exd5 Ne5
15. a4 f5 16. f4 Nc4 17. Bxc4 Rxc4 18. Be3 Bxa4 19. Bxa7 b6 20. Ra3 Qc7 21. Qe2
Re4 22. Qf2 Rxe1+ 23. Qxe1 Bxb3 24. Rxb3 Qxa7 25. Kh2 Bf6 26. Qe3 Rb8 27. Ra3
Qb7 28. Qd3 Rc8 29. Qb5 Rc5 30. Qe8+ Kg7 31. Ra8 Kh6 32. g4 Rxd5 33. Qf8+ Bg7
34. g5+ Kh5 35. Qxg7 Rd2+ 36. Kg3 Qg2# 0-1